| 000 | 01174nam a2200325Ia 4500 | ||
|---|---|---|---|
| 001 | ebr10057239 | ||
| 003 | CaPaEBR | ||
| 006 | m u | ||
| 007 | cr cn||||||||| | ||
| 008 | 930506s1996 enka sb 001 0 eng d | ||
| 020 | _z020303936X | ||
| 020 | _z0415080177 | ||
| 040 |
_aCaPaEBR _cCaPaEBR |
||
| 035 | _a(OCoLC)560366037 | ||
| 050 | 1 | 4 |
_aAM151 _b.D43 1996eb |
| 082 | 0 | 4 |
_a069/.5 _220 |
| 100 | 1 | _aDean, David. | |
| 245 | 1 | 0 |
_aMuseum exhibition _h[electronic resource] : _btheory and practice / _cDavid Dean. |
| 260 |
_aLondon ; _aNew York : _bRoutledge, _c1996. |
||
| 300 |
_axi, 177 p. : _bill. |
||
| 490 | 1 | _aThe Heritage | |
| 504 | _aIncludes bibliographical references (p. 169-172) and index. | ||
| 533 |
_aElectronic reproduction. _bPalo Alto, Calif. : _cebrary, _d2009. _nAvailable via World Wide Web. _nAccess may be limited to ebrary affiliated libraries. |
||
| 650 | 0 | _aExhibitions. | |
| 650 | 0 | _aMuseum techniques. | |
| 655 | 7 |
_aElectronic books. _2local |
|
| 710 | 2 | _aebrary, Inc. | |
| 830 | 0 | _aHeritage. | |
| 856 | 4 | 0 |
_uhttp://site.ebrary.com/lib/rucke/Doc?id=10057239 _zAn electronic book accessible through the World Wide Web; click to view |
| 999 |
_c71474 _d71474 |
||